00134 a2200073 450000100060000010000050000624500190001126000300003057584 a aMisaq e Madina aLahorebMinhaj ul Quranc